[Event "13.Offene Südharz-Meisterschaft"]
[Site "Schloss Mansfeld"]
[Date "2019.12.20"]
[Round "1.1"]
[White "Groebel, Aaron"]
[Black "Suliga, Eckhard"]
[Result "1-0"]
[WhiteElo "2117"]
[BlackElo "1660"]
[PlyCount "45"]
[EventDate "2019.??.??"]

1. e4 e6 2. d3 d5 3. Qe2 Be7 4. g3 c5 5. Bg2 Nc6 6. c3 Nf6 7. Nh3 O-O 8. f4 Qc7
9. Nf2 b6 10. Nd2 Bb7 11. O-O dxe4 12. dxe4 Rad8 13. Re1 a6 14. Nf1 b5 15. g4
h6 16. h4 Nh7 17. g5 hxg5 18. hxg5 e5 19. Qg4 exf4 20. Bxf4 Qd7 21. Qh4 Bd6 22.
e5 Bb8 23. Re3 1-0

[Event "13.Offene Südharz-Meisterschaft"]
[Site "Schloss Mansfeld"]
[Date "2019.12.20"]
[Round "1.2"]
[White "Markus, Roland"]
[Black "Woll, Wilfried"]
[Result "1/2-1/2"]
[WhiteElo "1664"]
[BlackElo "2038"]
[PlyCount "64"]
[EventDate "2019.??.??"]

1. Nf3 d5 2. d4 e6 3. Bf4 Bd6 4. Bg3 Nf6 5. Nbd2 b6 6. e3 O-O 7. Bd3 Ba6 8. Qe2
Bxd3 9. Qxd3 Nc6 10. c3 Ne7 11. Bxd6 Qxd6 12. O-O Ng6 13. c4 Rfd8 14. Rfd1 c6
15. cxd5 exd5 16. Rac1 Rac8 17. Qf5 Re8 18. h3 Rc7 19. Rc2 h6 20. Rdc1 Re6 21.
a3 a5 22. Qd3 a4 23. Qa6 b5 24. Qb6 Nd7 25. Qa5 f5 26. g3 Kh7 27. Nb1 Nf6 28.
Nc3 Rb7 29. Qb4 Qb8 30. Kg2 Ne4 31. Ne2 Qe8 32. Nf4 Nxf4+ 1/2-1/2

[Event "13.Offene Südharz-Meisterschaft"]
[Site "Schloss Mansfeld"]
[Date "2019.12.20"]
[Round "1.3"]
[White "Gast, Rainer"]
[Black "Steudner, Reinhold"]
[Result "1-0"]
[WhiteElo "1932"]
[BlackElo "1836"]
[PlyCount "127"]
[EventDate "2019.??.??"]

1. d4 d6 2. c4 g6 3. Nc3 Nf6 4. e4 Bg7 5. Be2 O-O 6. Nf3 c5 7. d5 a6 8. Bg5 h6
9. Be3 Qa5 10. Nd2 Bd7 11. a4 Kh7 12. O-O Qc7 13. f4 Qc8 14. h3 Ng8 15. g4 Bd4
16. Bf2 e6 17. Bd3 Qd8 18. Kg2 a5 19. Bg3 Na6 20. Nf3 Bg7 21. f5 e5 22. h4 Nf6
23. g5 Ng4 24. Qd2 Rg8 25. f6 Bf8 26. Be2 Nb4 27. Nh2 Nxh2 28. Kxh2 Rh8 29. Bf3
Qc8 30. Qe2 Kg8 31. Kg1 Ra6 32. Kf2 h5 33. Rh1 Rb6 34. Kg2 Na6 35. Nb5 Nb4 36.
Be1 Ra6 37. Nc3 Rb6 38. Nd1 Qe8 39. b3 Qc8 40. Ne3 Ra6 41. Nf1 b6 42. Ng3 Ra7
43. Bc3 Rb7 44. Rag1 Na6 45. Kf2 Nc7 46. Nxh5 gxh5 47. g6 Ne8 48. Bxh5 Nxf6 49.
gxf7+ Kh7 50. Rg6 Nxe4+ 51. Qxe4 Bf5 52. Qg2 Rxf7 53. Ke1 Rg7 54. Rxg7+ Bxg7
55. Rg1 Qd7 56. Bd2 Kg8 57. Qg5 Kh7 58. Bg6+ Bxg6 59. Qxg6+ Kg8 60. h5 Qe7 61.
Rg4 Rh7 62. h6 Kh8 63. hxg7+ Rxg7 64. Qxg7+ 1-0

[Event "13.Offene Südharz-Meisterschaft"]
[Site "Schloss Mansfeld"]
[Date "2019.12.20"]
[Round "1.5"]
[White "Dreke, Frank"]
[Black "Kaschuba, Juergen"]
[Result "1-0"]
[WhiteElo "1912"]
[BlackElo "1683"]
[PlyCount "95"]
[EventDate "2019.??.??"]

1. e4 e5 2. Nf3 Nf6 3. Bc4 Nxe4 4. Nc3 Nxc3 5. dxc3 d6 6. Ng5 Be6 7. Nxe6 fxe6
8. Bxe6 Qf6 9. Qg4 Be7 10. O-O h5 11. Qc4 c6 12. Qb3 b6 13. f4 Nd7 14. fxe5
Qxe5 15. Bf7+ Kd8 16. Bf4 Qc5+ 17. Kh1 g5 18. Bg3 d5 19. Rad1 a5 20. c4 Qxc4
21. Qxc4 dxc4 22. Be6 Ra7 23. Bf2 c5 24. Rd2 Bf6 25. Bxc5 bxc5 26. Rxf6 Ke7 27.
Rg6 Ne5 28. Rg7+ Kxe6 29. Rxa7 Nc6 30. Ra6 Rc8 31. Kg1 Ke5 32. c3 Ke4 33. Rd6
Ne5 34. Rxa5 Nd3 35. Raa6 Ke3 36. b3 Rb8 37. Rdb6 Rxb6 38. Rxb6 Kd2 39. bxc4
Kxc3 40. a4 Kxc4 41. a5 Nb4 42. a6 Nxa6 43. Rxa6 Kc3 44. Kf2 c4 45. Ke3 Kb2 46.
Rb6+ Kc2 47. Kd4 c3 48. Rc6 1-0

[Event "13.Offene Südharz-Meisterschaft"]
[Site "Schloss Mansfeld"]
[Date "2019.12.20"]
[Round "1.6"]
[White "Frere, Thor"]
[Black "Neuber, Pascal"]
[Result "1/2-1/2"]
[WhiteElo "1512"]
[BlackElo "1810"]
[PlyCount "91"]
[EventDate "2019.??.??"]

1. c4 c5 2. Nc3 Nc6 3. g3 g6 4. Bg2 Bg7 5. Nf3 e6 6. e4 Nge7 7. Ng5 O-O 8. f4
Nd4 9. O-O d6 10. h4 h6 11. Nh3 Nec6 12. d3 a6 13. h5 Kh7 14. g4 Qh4 15. Be3 f5
16. hxg6+ Kxg6 17. gxf5+ exf5 18. Kh2 Kh7 19. Rh1 fxe4 20. Nxe4 Bg4 21. Qe1
Nf3+ 22. Bxf3 Qxe1 23. Rhxe1 Bxf3 24. Nhg5+ hxg5 25. Nxg5+ Kh8 26. Nxf3 Bxb2
27. Rab1 Bc3 28. Rg1 Rae8 29. Bc1 Nb4 30. Rb3 Re2+ 31. Rg2 Rxg2+ 32. Kxg2 Nxa2
33. Be3 Bb4 34. Kg3 Re8 35. Bd2 Re2 36. Rb2 Bxd2 37. Rxd2 Rxd2 38. Nxd2 Nb4 39.
Ne4 Nxd3 40. Nxd6 b6 41. Kf3 Kg7 42. Ke3 Nb4 43. Kd2 Kf6 44. Nc8 Kf5 45. Nxb6
Kxf4 46. Nd7 1/2-1/2

[Event "13.Offene Südharz-Meisterschaft"]
[Site "Schloss Mansfeld"]
[Date "2019.12.20"]
[Round "1.7"]
[White "Ziervogel, Alexander"]
[Black "Neuhoff, Laertes"]
[Result "1-0"]
[WhiteElo "1847"]
[BlackElo "1508"]
[PlyCount "119"]
[EventDate "2019.??.??"]

1. d4 d5 2. c4 e6 3. Nc3 Nf6 4. Bg5 c6 5. e3 Nbd7 6. Qc2 Be7 7. Nf3 O-O 8. Rc1
Re8 9. Bd3 dxc4 10. Bxc4 b5 11. Bd3 Bb7 12. O-O h6 13. Bh4 Rc8 14. Rfd1 a6 15.
a4 Nd5 16. Bxe7 Qxe7 17. Qb3 b4 18. Ne4 c5 19. Ned2 cxd4 20. exd4 Red8 21. Nc4
Nf4 22. Bf1 Bxf3 23. Qxf3 Nd5 24. Na5 Nb8 25. Nb3 Nb6 26. Nc5 a5 27. Bb5 Nd5
28. Nb3 Nc7 29. Qb7 e5 30. Re1 Qe6 31. Bc4 Qd7 32. dxe5 Ne8 33. Qxd7 Nxd7 34.
e6 fxe6 35. Bxe6+ Kf8 36. Rxc8 Rxc8 37. Bxd7 Rd8 38. Rxe8+ Rxe8 39. Bxe8 Kxe8
40. Nxa5 Kd7 41. Nc4 Kc6 42. g4 Kc5 43. b3 g5 44. a5 Kb5 45. h4 gxh4 46. f4 h3
47. f5 h2+ 48. Kh1 h5 49. gxh5 Kc5 50. f6 Kd5 51. f7 Ke6 52. f8=Q Kd5 53. Qd6+
Ke4 54. h6 Kf5 55. h7 Ke4 56. h8=R Kf5 57. Qe5+ Kg6 58. Rf8 Kh6 59. Rg8 Kh7 60.
Qh8# 1-0

[Event "13.Offene Südharz-Meisterschaft"]
[Site "Schloss Mansfeld"]
[Date "2019.12.20"]
[Round "1.8"]
[White "Witter, Jannes"]
[Black "Schmidt, Alexander"]
[Result "1/2-1/2"]
[WhiteElo "1711"]
[BlackElo "1833"]
[PlyCount "68"]
[EventDate "2019.??.??"]

1. e4 d6 2. d4 Nf6 3. Bd3 g6 4. Bf4 Nc6 5. Nf3 Bg7 6. Nbd2 O-O 7. c3 Nh5 8. Be3
e5 9. d5 Ne7 10. Qb3 f5 11. Bg5 h6 12. Bxe7 Qxe7 13. O-O-O Nf4 14. Bf1 a5 15.
a4 Kh8 16. g3 Nh5 17. Nh4 Kh7 18. Bd3 c6 19. Rhg1 cxd5 20. Qxd5 Be6 21. Qb5 Bd7
22. Qb3 b5 23. exf5 gxf5 24. Bxb5 Bxb5 25. Qxb5 Rab8 26. Qe2 Qb7 27. Nb1 e4 28.
Qb5 Qf7 29. Qd5 Qf6 30. Qxd6 Qg5+ 31. Qd2 Qe7 32. Qd5 Qg5+ 33. Qd2 Qe7 34. Qd5
Qg5+ 1/2-1/2

[Event "13.Offene Südharz-Meisterschaft"]
[Site "Schloss Mansfeld"]
[Date "2019.12.20"]
[Round "1.9"]
[White "Poetzsch, Reiko"]
[Black "Groebel, Henning"]
[Result "1-0"]
[WhiteElo "1848"]
[BlackElo "1489"]
[PlyCount "51"]
[EventDate "2019.??.??"]

1. e4 d6 2. d4 Nf6 3. Nc3 g6 4. Bg5 Bg7 5. Qd2 O-O 6. f3 c5 7. d5 a6 8. Bh6 b5
9. h4 b4 10. Nd1 Nh5 11. Ne2 e5 12. g4 Nf6 13. h5 a5 14. Ng3 Ba6 15. hxg6 fxg6
16. Bxg7 Kxg7 17. Qh6+ Kg8 18. g5 Nh5 19. Nxh5 gxh5 20. Qxh5 Ra7 21. Bh3 Bc8
22. Ne3 Bxh3 23. Rxh3 Rg7 24. Nf5 Rxf5 25. exf5 Qxg5 26. Qe8# 1-0

[Event "13.Offene Südharz-Meisterschaft"]
[Site "Schloss Mansfeld"]
[Date "2019.12.20"]
[Round "1.10"]
[White "Derling, Charlotte"]
[Black "Simm, Steffen"]
[Result "0-1"]
[WhiteElo "1383"]
[BlackElo "1585"]
[PlyCount "66"]
[EventDate "2019.??.??"]

1. e4 c5 2. Nf3 e6 3. d4 cxd4 4. Nxd4 a6 5. Nc3 Bc5 6. Be3 Qb6 7. Rb1 Nc6 8.
Na4 Qa5+ 9. c3 Bxd4 10. Bxd4 Nxd4 11. Qxd4 e5 12. Qd1 Nf6 13. b4 Qc7 14. Qc2 b5
15. Nc5 d6 16. Nb3 Bb7 17. Bd3 Rc8 18. Rc1 O-O 19. O-O Qb6 20. Qe2 Rc7 21. Rc2
Rfc8 22. Rfc1 Re8 23. Kh1 d5 24. Nc5 dxe4 25. Nxe4 Nd5 26. f3 Nf4 27. Qd2 Rd8
28. Rd1 Rxd3 29. Qe1 Bxe4 30. fxe4 Rcd7 31. Rcd2 Qd8 32. Rxd3 Rxd3 33. Rxd3
Qxd3 0-1

[Event "13.Offene Südharz-Meisterschaft"]
[Site "Schloss Mansfeld"]
[Date "2019.12.21"]
[Round "2.1"]
[White "Ziervogel, Alexander"]
[Black "Groebel, Aaron"]
[Result "0-1"]
[WhiteElo "1847"]
[BlackElo "2117"]
[PlyCount "116"]
[EventDate "2019.??.??"]

1. d4 Nf6 2. Nf3 c5 3. g3 cxd4 4. Nxd4 e5 5. Nb3 Nc6 6. Bg2 d5 7. O-O Be7 8.
Bg5 Be6 9. N1d2 Rc8 10. c3 h6 11. Bxf6 gxf6 12. f4 Qb6+ 13. Kh1 Rd8 14. Qc2 h5
15. Nf3 e4 16. Nfd4 h4 17. gxh4 Rxh4 18. e3 f5 19. Rf2 Bf6 20. Rg1 Rc8 21. Qd2
Ke7 22. Bf1 Rch8 23. Qd1 Qd8 24. Nc5 Nxd4 25. cxd4 b6 26. Na6 R4h6 27. Qc2 Bh4
28. Rfg2 Qc8 29. Rd2 Be1 30. Qxc8 Rxc8 31. Re2 Bh4 32. Rd2 Kd6 33. Bb5 Bd7 34.
a4 Bxb5 35. axb5 Rc4 36. Rgg2 Rh8 37. Rc2 Rhc8 38. Nb4 Be1 39. Nc6 a6 40. Rxc4
dxc4 41. Ne5 axb5 42. Nxf7+ Kc7 43. Rg7 b4 44. Ne5+ Kb8 45. Nd7+ Kb7 46. Nc5+
Kc6 47. Na6 Kb5 48. Nc7+ Ka5 49. Rf7 Ka4 50. Nd5 Kb3 51. Nxb6 Rg8 52. d5 Bf2
53. h4 Bxe3 54. Nxc4 Kxc4 55. Rxf5 Rg1+ 56. Kh2 Rg4 57. d6 Bxf4+ 58. Kh3 Rg3+
0-1

[Event "13.Offene Südharz-Meisterschaft"]
[Site "Schloss Mansfeld"]
[Date "2019.12.21"]
[Round "2.3"]
[White "Schlag, Andreas"]
[Black "Poetzsch, Reiko"]
[Result "1/2-1/2"]
[WhiteElo "2057"]
[BlackElo "1848"]
[PlyCount "48"]
[EventDate "2019.??.??"]

1. e4 c6 2. d3 d5 3. Nd2 e5 4. Ngf3 Bd6 5. g3 Bg4 6. Bg2 h5 7. h3 Be6 8. Nb3 f6
9. Nh4 Ne7 10. f4 Qc7 11. f5 Bf7 12. Rf1 Nd7 13. Bd2 O-O-O 14. Qe2 d4 15. c4
dxc3 16. bxc3 Nc5 17. Be3 Nxb3 18. axb3 b6 19. b4 Kb8 20. Kf2 c5 21. bxc5 Bxc5
22. Rfc1 Qd6 23. Bf1 g5 24. Ng2 Nc6 1/2-1/2

[Event "13.Offene Südharz-Meisterschaft"]
[Site "Schloss Mansfeld"]
[Date "2019.12.21"]
[Round "2.4"]
[White "Eckert, David"]
[Black "Dreke, Frank"]
[Result "1/2-1/2"]
[WhiteElo "1746"]
[BlackElo "1912"]
[PlyCount "85"]
[EventDate "2019.??.??"]

1. e4 Nf6 2. Nc3 d5 3. exd5 Nxd5 4. Nxd5 Qxd5 5. d4 Nc6 6. c3 e5 7. dxe5 Qxd1+
8. Kxd1 Nxe5 9. Be2 Bf5 10. Be3 O-O-O+ 11. Ke1 Nd3+ 12. Bxd3 Bxd3 13. Ne2 Be7
14. Nf4 Be4 15. f3 Bc6 16. Kf2 a5 17. Rad1 Bd6 18. g3 g5 19. Ne2 g4 20. Nd4 Bd5
21. Rhe1 h5 22. Nf5 Bxf3 23. Nxd6+ cxd6 24. Rd2 Kc7 25. Bf4 Rd7 26. c4 Kc6 27.
Re3 b6 28. Red3 Rhd8 29. a3 a4 30. h4 f6 31. Rc3 Re8 32. Be3 Rde7 33. b4 axb3
34. Rxb3 Rb7 35. Rdb2 Reb8 36. Bd4 d5 37. cxd5+ Bxd5 38. Rc3+ Kd6 39. Be3 b5
40. Bf4+ Ke6 41. Bxb8 Rxb8 42. a4 b4 43. Rd3 1/2-1/2

[Event "13.Offene Südharz-Meisterschaft"]
[Site "Schloss Mansfeld"]
[Date "2019.12.21"]
[Round "2.5"]
[White "Woll, Wilfried"]
[Black "Richter, Thomas"]
[Result "1-0"]
[WhiteElo "2038"]
[BlackElo "1836"]
[PlyCount "87"]
[EventDate "2019.??.??"]

1. c4 e5 2. g3 d6 3. Bg2 Nf6 4. Nc3 c6 5. d4 Be7 6. e4 O-O 7. Nge2 Nbd7 8. O-O
Qc7 9. h3 Rd8 10. Be3 a6 11. a4 Nf8 12. a5 N6d7 13. d5 c5 14. Kh2 b6 15. axb6
Nxb6 16. Qd3 Bd7 17. Ra2 Ra7 18. Rfa1 Rda8 19. Ra5 Bd8 20. Bf3 Qc8 21. h4 Qb8
22. Nc1 Nc8 23. R5a2 a5 24. Bd1 Rb7 25. Qe2 f5 26. exf5 Bxf5 27. Ba4 Bd7 28.
Bb5 Na7 29. Bxd7 Rxd7 30. Ne4 Nc8 31. Nd3 h6 32. Qg4 Kh7 33. Kg2 Raa7 34. Nc3
Rab7 35. Qf5+ Kg8 36. Qg4 Kh7 37. Bd2 Na7 38. Ne4 Nc8 39. Bc3 Nb6 40. Rxa5 Nxc4
41. Ra8 Qc7 42. Nexc5 dxc5 43. Qxc4 Qd6 44. Nxc5 1-0

[Event "13.Offene Südharz-Meisterschaft"]
[Site "Schloss Mansfeld"]
[Date "2019.12.21"]
[Round "2.6"]
[White "Neuber, Pascal"]
[Black "Witter, Jannes"]
[Result "1-0"]
[WhiteElo "1810"]
[BlackElo "1711"]
[PlyCount "53"]
[EventDate "2019.??.??"]

1. e4 e5 2. Nc3 Nc6 3. Bc4 Nf6 4. f4 d6 5. Nf3 Bg4 6. Bb5 exf4 7. d3 Be7 8.
Bxf4 a6 9. Bxc6+ bxc6 10. O-O O-O 11. Qd2 Nh5 12. Nd4 c5 13. Nc6 Qd7 14. Nxe7+
Qxe7 15. Nd5 Qd7 16. Qa5 Rfc8 17. Bg5 Be6 18. Ne7+ Kh8 19. Nxc8 Qxc8 20. Rf2 g6
21. Qc3+ Kg8 22. e5 Rb8 23. a3 Bd5 24. exd6 cxd6 25. h3 Ng3 26. Bh6 Nf5 27.
Rxf5 1-0

[Event "13.Offene Südharz-Meisterschaft"]
[Site "Schloss Mansfeld"]
[Date "2019.12.21"]
[Round "2.7"]
[White "Schmidt, Alexander"]
[Black "Frere, Thor"]
[Result "1-0"]
[WhiteElo "1833"]
[BlackElo "1512"]
[PlyCount "47"]
[EventDate "2019.??.??"]

1. e4 e6 2. d4 d5 3. Nd2 c5 4. exd5 Qxd5 5. Ngf3 cxd4 6. Bc4 Qd8 7. Nb3 Bb4+ 8.
Bd2 Bxd2+ 9. Qxd2 Ne7 10. Nbxd4 O-O 11. O-O Qc7 12. Bb3 Rd8 13. c3 Nbc6 14. Qg5
Ng6 15. Nxc6 bxc6 16. Nd4 Bb7 17. Rad1 Qf4 18. Nxe6 Qxg5 19. Nxg5 Ne5 20. f4 h6
21. fxe5 hxg5 22. Rxd8+ Rxd8 23. Rxf7 Rd1+ 24. Rf1+ 1-0

[Event "13.Offene Südharz-Meisterschaft"]
[Site "Schloss Mansfeld"]
[Date "2019.12.21"]
[Round "2.8"]
[White "Wendling, Jens"]
[Black "Reckner, Jens"]
[Result "1/2-1/2"]
[WhiteElo "1908"]
[BlackElo "1731"]
[PlyCount "38"]
[EventDate "2019.??.??"]

1. e4 e6 2. Qe2 d5 3. exd5 Qxd5 4. Nc3 Qd8 5. Nf3 Nf6 6. d4 c5 7. Bf4 a6 8.
O-O-O cxd4 9. Nxd4 Qb6 10. Nf5 Bd7 11. Nd6+ Bxd6 12. Bxd6 Bc6 13. Qe5 Nbd7 14.
Qg3 Rg8 15. Bc4 O-O-O 16. f3 Nc5 17. Rd2 Nfd7 18. b3 Qa5 19. Kb2 b5 1/2-1/2

[Event "13.Offene Südharz-Meisterschaft"]
[Site "Schloss Mansfeld"]
[Date "2019.12.21"]
[Round "2.9"]
[White "Prudlik, Elisa"]
[Black "Markus, Roland"]
[Result "1/2-1/2"]
[WhiteElo "1398"]
[BlackElo "1664"]
[PlyCount "59"]
[EventDate "2019.??.??"]

1. e4 d5 2. exd5 Qxd5 3. Nc3 Qa5 4. Nf3 Nf6 5. d3 Bf5 6. Bd2 c6 7. g3 Nbd7 8.
Bg2 e6 9. a3 Qc7 10. Qe2 Bd6 11. O-O h5 12. Qe1 O-O 13. Ne4 Nxe4 14. dxe4 Bg4
15. Bc3 Bxf3 16. Bxf3 h4 17. Bg4 hxg3 18. fxg3 Be5 19. Rd1 Rad8 20. Qe3 Bxc3
21. Qxc3 Ne5 22. Be2 Qb6+ 23. Kg2 Qc7 24. Qe3 c5 25. Rxd8 Rxd8 26. Rd1 Rxd1 27.
Bxd1 Qd6 28. Be2 Qd4 29. Qxd4 cxd4 30. Kf2 1/2-1/2

[Event "13.Offene Südharz-Meisterschaft"]
[Site "Schloss Mansfeld"]
[Date "2019.12.21"]
[Round "2.10"]
[White "Suliga, Eckhard"]
[Black "Brueggemann, Frank"]
[Result "1-0"]
[WhiteElo "1660"]
[BlackElo "1530"]
[PlyCount "45"]
[EventDate "2019.??.??"]

1. e4 d6 2. d4 Nf6 3. Nc3 g6 4. Nf3 Bg4 5. Be2 Bg7 6. Be3 O-O 7. Qd2 Re8 8. h3
Bxf3 9. Bxf3 c6 10. h4 Qa5 11. g4 h5 12. gxh5 Nxh5 13. O-O-O Nd7 14. Bxh5 Qxh5
15. Rdg1 Bf6 16. f4 e6 17. Ne2 Kf8 18. Ng3 Qb5 19. h5 Ke7 20. e5 dxe5 21. dxe5
Nxe5 22. fxe5 Rg8 23. exf6+ 1-0

[Event "13.Offene Südharz-Meisterschaft"]
[Site "Schloss Mansfeld"]
[Date "2019.12.21"]
[Round "2.2"]
[White "Simm, Steffen"]
[Black "Gast, Rainer"]
[Result "0-1"]
[WhiteElo "1585"]
[BlackElo "1932"]
[PlyCount "52"]
[EventDate "2019.??.??"]

1. d4 Nf6 2. c4 e6 3. a3 d5 4. c5 a5 5. Nc3 b6 6. cxb6 cxb6 7. Bg5 Ba6 8. Qa4+
Qd7 9. Bxf6 gxf6 10. e3 Bxf1 11. Qxd7+ Nxd7 12. Kxf1 f5 13. Rc1 Rc8 14. Nge2
Be7 15. f3 O-O 16. Kf2 Rc4 17. Nxd5 exd5 18. Rxc4 dxc4 19. Rc1 Rc8 20. Nc3 b5
21. Nxb5 Rb8 22. a4 Nb6 23. Nc3 Bb4 24. Ne2 Nxa4 25. Rxc4 Nxb2 26. Rc2 Nd3+ 0-1

[Event "13.Offene Südharz-Meisterschaft"]
[Site "Schloss Mansfeld"]
[Date "2019.12.21"]
[Round "3.1"]
[White "Groebel, Aaron"]
[Black "Zander, Luca"]
[Result "1-0"]
[WhiteElo "2117"]
[BlackElo "1263"]
[PlyCount "29"]
[EventDate "2019.??.??"]

1. e4 e6 2. d3 d5 3. Qe2 dxe4 4. dxe4 Nc6 5. c3 e5 6. g3 f6 7. Nh3 Nge7 8. f3
Bxh3 9. Bxh3 Ng6 10. Be3 Bd6 11. Nd2 a5 12. Qb5 Nge7 13. Be6 Kf8 14. Rd1 Qb8
15. Nc4 1-0

[Event "13.Offene Südharz-Meisterschaft"]
[Site "Schloss Mansfeld"]
[Date "2019.12.21"]
[Round "3.3"]
[White "Poetzsch, Reiko"]
[Black "Woll, Wilfried"]
[Result "0-1"]
[WhiteElo "1848"]
[BlackElo "2038"]
[PlyCount "94"]
[EventDate "2019.??.??"]

1. e4 e6 2. d4 d5 3. exd5 exd5 4. Nf3 Bd6 5. Bd3 Bg4 6. h3 Bh5 7. Be3 Nc6 8. c3
Nge7 9. g4 Bg6 10. Qc2 Qd7 11. Nbd2 O-O-O 12. O-O-O Rde8 13. Nb3 Kb8 14. Nc5
Qc8 15. b4 h5 16. g5 h4 17. b5 Bxd3 18. Qxd3 Na5 19. Ne5 Bxe5 20. dxe5 Nc4 21.
f4 c6 22. a4 cxb5 23. axb5 Qc7 24. Bd4 Qa5 25. Rh2 Qxb5 26. Ra2 Rc8 27. e6 fxe6
28. Nxe6 a6 29. Bxg7 Rhe8 30. Bf6 Nc6 31. Nd4 Qb6 32. Nxc6+ Rxc6 33. Bd4 Qc7
34. Rf2 Qa5 35. Qb1 Qa3+ 36. Kc2 Ne3+ 37. Kd3 Nxd1 38. Qxd1 Re4 39. Be5+ Rxe5
40. fxe5 Qxc3+ 41. Ke2 Qxe5+ 42. Kf1 Qxg5 43. Rf8+ Kc7 44. Rf7+ Kd8 45. Qd3
Qc1+ 46. Kg2 Rc2+ 47. Rf2 Qg5+ 0-1

[Event "13.Offene Südharz-Meisterschaft"]
[Site "Schloss Mansfeld"]
[Date "2019.12.21"]
[Round "3.4"]
[White "Eckert, David"]
[Black "Schlag, Andreas"]
[Result "1/2-1/2"]
[WhiteElo "1746"]
[BlackElo "2057"]
[PlyCount "65"]
[EventDate "2019.??.??"]

1. e4 d6 2. d4 Nf6 3. Nc3 c6 4. Nf3 Bg4 5. Be2 Nbd7 6. h3 Bxf3 7. Bxf3 e5 8.
Be3 Be7 9. O-O O-O 10. Qd3 Qc7 11. Rad1 Rfd8 12. Qe2 a6 13. a3 Rab8 14. Bg4
Nxg4 15. Qxg4 Nf6 16. Qe2 b5 17. dxe5 dxe5 18. Rxd8+ Rxd8 19. Rd1 Rxd1+ 20.
Qxd1 h6 21. Qd3 Nd7 22. Kf1 Kf8 23. Ke2 Nc5 24. Qd2 Ne6 25. Qd3 Qd6 26. Qxd6
Bxd6 27. Kd3 Ke7 28. Ne2 g5 29. Ng3 Ng7 30. Nf5+ Nxf5 31. exf5 Kd7 32. Ke4 f6
33. g4 1/2-1/2

[Event "13.Offene Südharz-Meisterschaft"]
[Site "Schloss Mansfeld"]
[Date "2019.12.21"]
[Round "3.7"]
[White "Kuhlmann, Nils Magnus"]
[Black "Schmidt, Alexander"]
[Result "0-1"]
[WhiteElo "1070"]
[BlackElo "1833"]
[PlyCount "58"]
[EventDate "2019.??.??"]

1. e4 d6 2. d4 Nf6 3. Nc3 g6 4. Nf3 Bg7 5. Bc4 a6 6. Bf4 b5 7. Bd3 Bb7 8. O-O
b4 9. Ne2 Nxe4 10. Ng3 Nxg3 11. Bxg3 Nd7 12. Be2 O-O 13. Qd2 a5 14. a3 c5 15.
c3 bxc3 16. bxc3 Nf6 17. Qc2 Ne4 18. Bf4 cxd4 19. cxd4 Qd7 20. a4 Rfc8 21. Qb2
Nc3 22. Bd3 Bxf3 23. gxf3 Bxd4 24. Qd2 Nxa4 25. Rab1 Nc3 26. Rb3 a4 27. Rb4 Bg7
28. Re1 a3 29. Bc4 a2 0-1

[Event "13.Offene Südharz-Meisterschaft"]
[Site "Schloss Mansfeld"]
[Date "2019.12.21"]
[Round "3.8"]
[White "Schwenke, Mia"]
[Black "Ziervogel, Alexander"]
[Result "0-1"]
[WhiteElo "1150"]
[BlackElo "1847"]
[PlyCount "110"]
[EventDate "2019.??.??"]

1. e4 c6 2. d4 d5 3. e5 c5 4. Nf3 Bg4 5. Be3 Nc6 6. Be2 e6 7. O-O Qb6 8. b3
Bxf3 9. Bxf3 cxd4 10. Bf4 Bb4 11. Qd3 Nge7 12. a3 Ng6 13. Bg3 Ncxe5 14. Qe2
Nxf3+ 15. Qxf3 Be7 16. Qe2 Bf6 17. Nd2 d3 18. Qxd3 Bxa1 19. Rxa1 O-O 20. c4
Rfd8 21. cxd5 Rxd5 22. Qc3 Rad8 23. Nf1 Rd3 24. Qc4 Qxb3 25. Qxb3 Rxb3 26. a4
h6 27. h3 e5 28. Ne3 Nf4 29. Kh2 f6 30. Rc1 Ne2 31. Rc7 Nxg3 32. Kxg3 g6 33.
Kh2 f5 34. a5 Rb5 35. a6 bxa6 36. Rxa7 Rb6 37. Nc4 Re6 38. Kg1 e4 39. Kf1 f4
40. Ke2 Rc6 41. Na3 Rcd6 42. Nc4 Rd4 43. Rc7 a5 44. Rc6 a4 45. Rxg6+ Kh7 46.
Rc6 a3 47. Rc7+ Kg8 48. Rc6 a2 49. Rg6+ Kh7 50. Rc6 a1=Q 51. Rc7+ R8d7 52.
Rxd7+ Rxd7 53. Nd2 Qb2 54. Kf1 Qc1+ 55. Ke2 Rxd2# 0-1

[Event "13.Offene Südharz-Meisterschaft"]
[Site "Schloss Mansfeld"]
[Date "2019.12.22"]
[Round "4.1"]
[White "Gast, Rainer"]
[Black "Groebel, Aaron"]
[Result "1/2-1/2"]
[WhiteElo "1932"]
[BlackElo "2117"]
[PlyCount "81"]
[EventDate "2019.??.??"]

1. d4 Nf6 2. c4 e5 3. dxe5 Ng4 4. Bf4 g5 5. Bd2 Bg7 6. Nf3 Nxe5 7. Nxe5 Bxe5 8.
Bc3 Nc6 9. e3 d6 10. Be2 Be6 11. O-O Rg8 12. Qc2 Qf6 13. Bxe5 Qxe5 14. Qc3 g4
15. Qxe5 Nxe5 16. Nd2 Ke7 17. Rac1 c6 18. Nb3 Rg5 19. Nd4 Rag8 20. Rc2 Bd7 21.
f4 gxf3 22. Bxf3 Bh3 23. Be4 Nxc4 24. Rxc4 d5 25. Bxd5 Rxd5 26. Rc2 c5 27. Nb5
Bd7 28. Nc3 Re5 29. e4 Bc6 30. Rcf2 Rg7 31. Rf5 Rxf5 32. Rxf5 b6 33. Kf2 Ke6
34. Nd5 Bxd5 35. Rxd5 Ke7 36. Kf3 Rg6 37. Rh5 Rd6 38. Ke2 Rd4 39. Rxh7 Rxe4+
40. Kd3 Ra4 41. a3 1/2-1/2

[Event "13.Offene Südharz-Meisterschaft"]
[Site "Schloss Mansfeld"]
[Date "2019.12.22"]
[Round "4.2"]
[White "Woll, Wilfried"]
[Black "Neuber, Pascal"]
[Result "1-0"]
[WhiteElo "2038"]
[BlackElo "1810"]
[PlyCount "117"]
[EventDate "2019.??.??"]

1. c4 c5 2. g3 Nc6 3. Bg2 g6 4. Nc3 Bg7 5. e4 d6 6. d3 e6 7. Nge2 Nge7 8. Be3
Nd4 9. Qd2 Nec6 10. O-O O-O 11. f4 f5 12. Kh1 a6 13. Rf2 Rb8 14. Re1 Qc7 15.
Bxd4 Nxd4 16. exf5 Nxf5 17. Ng1 Bd4 18. Rfe2 Bxg1 19. Kxg1 Bd7 20. Be4 Nd4 21.
Rf2 Bc6 22. Ne2 Nf5 23. Bxf5 exf5 24. d4 b5 25. d5 Bd7 26. b3 bxc4 27. bxc4 Rb4
28. Nc3 Rxc4 29. Re7 Qd8 30. Rfe2 Re8 31. Rxe8+ Bxe8 32. Qd3 Bb5 33. Nxb5 axb5
34. a4 Rc1+ 35. Kg2 bxa4 36. Qb5 Kf8 37. Qxa4 Rb1 38. Qa7 h5 39. Re6 Rb2+ 40.
Kf1 Rb1+ 41. Ke2 Rb4 42. Kd1 Rd4+ 43. Kc2 Re4 44. Rxg6 Re7 45. Qa1 Rh7 46. Qa6
Rd7 47. Re6 h4 48. Qa1 Rh7 49. Rf6+ Rf7 50. Rh6 Rg7 51. Rh8+ Rg8 52. Rxh4 Qe8
53. Qf6+ Qf7 54. Qxd6+ Ke8 55. Rh6 Qa7 56. Qe5+ Kd8 57. Rd6+ Kc8 58. Qe6+ Kb8
59. Qxg8+ 1-0

[Event "13.Offene Südharz-Meisterschaft"]
[Site "Schloss Mansfeld"]
[Date "2019.12.22"]
[Round "4.3"]
[White "Schmidt, Alexander"]
[Black "Dreke, Frank"]
[Result "1/2-1/2"]
[WhiteElo "1833"]
[BlackElo "1912"]
[PlyCount "145"]
[EventDate "2019.??.??"]

1. e4 Nf6 2. Nc3 d5 3. exd5 Nxd5 4. Nf3 Bg4 5. h3 Bh5 6. Ne4 e6 7. Ng3 Bg6 8.
Bc4 Nb6 9. Bb3 Nc6 10. O-O a5 11. a3 a4 12. Ba2 Be7 13. d3 O-O 14. Re1 Nd5 15.
Bd2 h6 16. Qc1 Re8 17. Ne4 Qd7 18. Bc4 Nb6 19. Bb5 Bxe4 20. Rxe4 Qd5 21. c4
Qxd3 22. Bxc6 bxc6 23. Rg4 f5 24. Rd4 Qe2 25. Bxh6 e5 26. Rd2 Qxc4 27. Rc2 Qe4
28. Be3 Bd6 29. Rxc6 Nd5 30. Rc4 Qd3 31. Bc5 Bxc5 32. Rxc5 Nf4 33. Qc4+ Qxc4
34. Rxc4 e4 35. Nd4 Red8 36. Nxf5 Rd7 37. Rxe4 Nd3 38. Re2 Rb8 39. Rd1 Rb3 40.
Ng3 c5 41. Ne4 c4 42. Nc3 Ra7 43. Rdd2 Nxb2 44. Rxb2 Rxc3 45. Re3 Rb3 46. Rc2
Rc7 47. Rcc3 Rb1+ 48. Kh2 Kf7 49. g4 g5 50. Kg2 Kf6 51. Re4 Rb3 52. Rcxc4 Rxc4
53. Rxc4 Rxa3 54. Rc6+ Kg7 55. Ra6 Kf7 56. Ra5 Kg6 57. Kh2 Rf3 58. Ra6+ Kg7 59.
Rxa4 Rxf2+ 60. Kg3 Rb2 61. Ra3 Kg6 62. h4 gxh4+ 63. Kxh4 Rb6 64. Ra5 Rc6 65.
Ra4 Rb6 66. Ra5 Rc6 67. Rg5+ Kh6 68. Rf5 Kg6 69. Rb5 Ra6 70. Rb4 Rc6 71. g5 Ra6
72. Rf4 Rb6 73. Rf6+ 1/2-1/2